000 00602nam a2200229Ia 4500
003 OSt
005 20221007072053.0
006 a|||||r|||| 00| 0
007 ta
008 221006b |||||||| |||| 00| 0 eng d
024 _a25,533
037 _cTextual
040 _aFLL
_cFLL
_beng
041 _2eng
_aeng
082 _aV73:19:N0, D8
100 _aMerriman Roger B.
_9690023
245 0 _aMonroe doctrine
260 _aLondon
_bOxford University Press UK
_c1908
300 _a24p
_ccm.
942 _hV73:19:N0, D8
_cTEXL
_2CC
999 _c1145138
_d1145138